Los Servicios locales de orientación de la provincia de Barcelona / dirección del estudio: Guillermo Coll Vigo Guillermo Coll Vigo
Descripción Física:
146 p. ; 23 cm
Colección:
Herramientas para el desarrollo local ; 7
Otros Autores:
Coll Vigo, Guillermo, dir
MARC
| LEADER | 00000nam a2200000Ia 4500 | ||
|---|---|---|---|
| 001 | 13140 | ||
| 008 | 160829s2000 xx 000 0 cat d | ||
| 080 | |a M-3-409 | ||
| 245 | |a Los Servicios locales de orientación de la provincia de Barcelona / dirección del estudio: |b Guillermo Coll Vigo | ||
| 260 | |a Barcelona : |b Diputació de Barcelona. Servei de Foment de l'Ocupació, |c 2000 | ||
| 300 | |a 146 p. ; |c 23 cm | ||
| 490 | |a Herramientas para el desarrollo local ; 7 | ||
| 590 | |a Un altre exemplar en català: M-2-113 | ||
| 650 | 0 | |a Serveis municipals |x Barcelona (Catalunya : Província) |9 30634 | |
| 700 | |a Coll Vigo, Guillermo, dir. |9 26791 | ||
| 710 | 1 | |a Barcelona (Catalunya : Província). |b Servei de Foment a l'Ocupació |9 54333 | |
| 901 | |a Arxiu | ||
| 942 | |n 1 | ||
| 952 | |0 0 |1 0 |4 0 |6 M3409 |7 1 |9 44140 |a Arxiu |b Arxiu |d 2016-12-01 |l 0 |o M-3-409 |p 13140 |r 2016-12-01 00:00:00 |w 2016-12-01 |y ARXIU | ||
| 999 | |c 46720 |d 46720 | ||